Chelsea 25/26 Players Quiz - Statistics

General Stats
  • This quiz has been taken 25 times
    9 since last reset
  • The average score is 23 of 28
Answer Stats
Hint
Answer % Correct
CB #5 Benoit Badiashile
100%
GK #12 Filip Jorgensen
100%
GK #44 Gabriel Slonina
100%
LB #21 Jorrel Hato
100%
CB #6 Levi Colwill
100%
RB #27 Malo Gusto
100%
LB #3 Marc Cucurella
100%
RB #24 Reece James
100%
GK #1 Robert Sanchez
100%
CB #4 Tosin Adarabioyo
100%
CB #23 Trevoh Chalobah
100%
LW #49 Alejandro Garnacho
80%
CAM #10 Cole Palmer
80%
CM #8 Enzo Fernandez
80%
LW #11 Jamie Gittens
80%
ST #20 Joao Pedro
80%
LB #34 Josh Acheampong
80%
ST #9 Liam Delap
80%
ST #38 Marc Guiu
80%
CM #25 Moises Caicedo
80%
RW #7 Pedro Neto
80%
CM #45 Romeo Lavia
80%
CB #29 Wesley Fofana
80%
CM #17 Andrey Santos
60%
RW #41 Estevao Willian
60%
CAM #32 Tyrique George
60%
CAM #40 Facundo Buonanotte
20%
CB #19 Mamadou Sarr
0%
No matching quizzes found
Score Distribution
Percent of People with Each Score
Percentile by Number Answered
Your Score History
You have not taken this quiz since the last reset